<?xml version="1.0" encoding="UTF-8"?>
<marc:record xmlns:marc="http://www.loc.gov/MARC21/slim">
   <marc:leader>00000nam a2200000 a 4500</marc:leader>
   <marc:datafield ind1="1" ind2=" " tag="100">
      <marc:subfield code="a">Fallwickl, Mareike</marc:subfield>
      <marc:subfield code="4">aut</marc:subfield>
      <marc:subfield code="e">Verfasser/-in</marc:subfield>
   </marc:datafield>
   <marc:datafield ind1="0" ind2="0" tag="245">
      <marc:subfield code="a">Dunkelgrün fast schwarz</marc:subfield>
   </marc:datafield>
   <marc:datafield ind1=" " ind2="1" tag="264">
      <marc:subfield code="b">Penguin Verlag</marc:subfield>
      <marc:subfield code="c">2019</marc:subfield>
   </marc:datafield>
   <marc:datafield ind1="1" ind2=" " tag="520">
      <marc:subfield code="a">Moritz und Raffael waren schon als Dreijährige beste Freunde. Doch dann taucht eines Tages eine Neue in der Schule auf: Johanna. Vom ersten Augenblick an sind beide von ihr fasziniert. Eigentlich ist klar, wer die Zuneigung des Mädchens gewinnen wird. Schon immer war Raffael der Selbstbewusste, der mit dem entwaffnenden Lächeln, und Moritz nur der Mitläufer. Doch Johanna spielt ihr eigenes Spiel - bis die Freundschaft der beiden Jungen zerbricht. Jetzt, 16 Jahre später, steht Raffael plötzlich vor Moritzæ Tür. Und auf einmal scheint die Vergangenheit wieder da zu sein, die Erinnerung an ihre Jugend und an all das, was zwischen ihnen kaputtgegangen ist - und an Johanna, die immer noch zwischen ihnen steht.</marc:subfield>
   </marc:datafield>
   <marc:datafield ind1=" " ind2=" " tag="020">
      <marc:subfield code="a">9783328104841</marc:subfield>
      <marc:subfield code="9">9783328104841</marc:subfield>
   </marc:datafield>
   <marc:datafield ind1=" " ind2=" " tag="041">
      <marc:subfield code="a">ger</marc:subfield>
   </marc:datafield>
   <marc:datafield ind1="1" ind2=" " tag="521">
      <marc:subfield code="a">0</marc:subfield>
   </marc:datafield>
   <marc:datafield ind1=" " ind2=" " tag="300">
      <marc:subfield code="a">480 Seiten</marc:subfield>
   </marc:datafield>
</marc:record>
